| 000 | 00935nam a2200313 a 4500 | ||
|---|---|---|---|
| 001 | 33909 | ||
| 003 | BD-RjUL | ||
| 005 | 20211209052058.0 | ||
| 008 | 140512s1988 paua b 001 0 eng | ||
| 020 | _a0030166578 | ||
| 035 | _a(BD-RjUL)34001 | ||
| 040 |
_aDLC _cDLC _dBD-RjUL _beng |
||
| 041 | _aeng | ||
| 082 | 0 | 0 |
_a304.2 _219 _bTUE 1988 |
| 100 | 1 |
_aTurk, Jonathan. _923713 |
|
| 245 | 1 | 0 |
_aEnvironmental science / _cJonathan Turk, Amos Turk. |
| 250 | _a4th ed. | ||
| 260 |
_aPhiladelphia : _bSaunders College Pub., _cc1988. |
||
| 300 |
_axv, 712 p. : _bill. ; _c26 cm. |
||
| 490 | 0 | _aSaunders golden sunburst series | |
| 504 | _aIncludes bibliographies and index. | ||
| 650 | 0 |
_aHuman ecology. _9232361 |
|
| 650 | 0 |
_aPollution _9232362 |
|
| 650 | 0 |
_aEnvironmental sciences. _9232363 |
|
| 700 | 1 |
_aTurk, Amos. _9232368 |
|
| 830 |
_aSaunders golden sunburst series _9232369 |
||
| 942 |
_2ddc _cBK |
||
| 999 |
_c33909 _d33909 |
||